Stolice państw na literę "B" - Statystyki

Ogólne statystyki
  • Ten quiz został rozwiązany 204 razy
  • Średni wynik to 11 z 24
Statystyki odpowiedzi
Odpowiedź % Poprawnych
Bruksela
83%
Berlin
76%
Budapeszt
76%
Bukareszt
75%
Bratysława
71%
Brasilia
69%
Belgrad
66%
Berno
59%
Buenos Aires
55%
Bangkok
52%
Bogota
52%
Baku
46%
Bejrut
41%
Bagdad
38%
Biszkek
36%
Belmopan
34%
Bamako
31%
Bandar Seri Begawan
27%
Bandżul
25%
Bissau
25%
Bridgetown
25%
Bangi
24%
Brazzaville
23%
Basseterre
16%
Nie znaleziono quizów pasujących do podanych kryteriów
Rozkład punktacji
Procent ludzi z każdym wynikiem
Percentyl według liczby udzielonych odpowiedzi
Twoja historia wyników
Nie rozwiązałeś tego quizu